| 000 | 00489nam a2200181Ia 4500 | ||
|---|---|---|---|
| 003 | GCL | ||
| 008 | 140319s9999 xx 000 0 ara d | ||
| 040 |
_aGCL / _cGCL |
||
| 082 | 0 | 4 |
_a210.8 _bخ و |
| 100 | 1 | _aخالد محمد خالد | |
| 245 | 1 | 0 |
_aوجاء ابوبكر / _cخالد محمد خالد |
| 260 |
_a[S.N] : _bدار المعارف ، _c1990 |
||
| 300 | _a127 ص | ||
| 490 | _a | ||
| 650 | 0 | 4 | _aالاسلام |
| 650 | 0 | 4 | _aابو بكر الصديق |
| 942 |
_2ddc _cBK |
||
| 999 |
_c28251 _d28251 |
||